LEADER 01138nam a2200289 i 4500 001 000000160220 003 CaOOAMICUS 005 20070315000000.0 008 070315s1987 it u000 u ita u 013 $a137583 020 $a88-18-23016-6 040 $aSeMil$bita 100 1 $aKotnik, Dara.$0(OLS)http://semarc/name/41765 245 10$aMargherita di Navarra :$bla regina Margot /$cDara Kotnik. 260 $aMilano :$bRusconi,$c1987. 300 $a233 p., [12] p. di tav. :$bill. ;$c22 cm. 490 0 $aLe vite 500 $aFondo Card. Giovanni Colombo. 600 04$aMargherita : di Valois .$0(OLS)http://semarc/subject/17339 830 3$aLe vite.$0(OLS)http://semarc/title/7309 850 $aSeMil 852 $aSeMil$W1$xVenegono$y1$m1O II 126$j111696$B111696$CSeMilBibl$Z2$F121662 $81 941 1 $a3 961 $aLascito: Colombo Card. Giovanni 996 $6020$a88-18-23016-6$9(OLS)http://semarc/number/75953 996 $6245$aMargherita di Navarra :$bla regina Margot$9(OLS)http://semarc/title/142706 996 $6260$aMilano :$bRusconi$9(OLS)http://semarc/publisher/30258 LEADER 01311nam a2200289 4500 001 000000347854 003 CaOOAMICUS 005 20240725105213.0 008 210915s2021 it a 000 u ita r 020 $a978-88-99723-29-3 040 $aSeMil$bita 100 1 $aCetoloni, Rodolfo.$0(OLS)http://semarc/name/114677 245 10$aPala Bardi :$buna lettura /$cRodolfo Cetoloni. 264 1$aFirenze :$bEdizioni Toscana Oggi,$cstampa 2021. 300 $a78 p. :$bill. ;$c20x20 cm 541 0 $aOmaggio mons. Mario Delpini (5B III 61/15) 650 4$aFirenze - Chiese - Basilica di Santa Croce - Cappella Bardi.$0(OLS)http://semarc/subject/56031 650 4$aFrancesco : d'Assisi - Iconografia - Sec. 13.$0(OLS)http://semarc/subject/29273 650 04$aCoppo : di Marcovaldo - Opere.$0(OLS)http://semarc/subject/51047 850 $aSeMil 852 $aSeMil$W1$xVenegono$y1$m5B III 61/15$j233119$B238899$CSeMilBibl$Z2$F238899 $81 941 1 $a7 961 $aOmaggio mons. Mario Delpini 996 $6020$a978-88-99723-29-3$9(OLS)http://semarc/number/294115 996 $6245$aPala Bardi :$buna lettura$9(OLS)http://semarc/title/437158 996 $6264$aFirenze :$bEdizioni Toscana Oggi$9(OLS)http://semarc/publisher/59619